The Aesthetic Aspect of Civil Engineering Design (Record no. 546700)

000 -LEADER
fixed length control field 00423nam a22001337a 4500
082 ## - DEWEY DECIMAL CLASSIFICATION NUMBER
Classification number 624.17
Author Mark AES
-- L-21, P-22
100 ## - MAIN ENTRY--PERSONAL NAME
Personal name Faber, Oscar
9 (RLIN) 42879
245 ## - TITLE STATEMENT
Title The Aesthetic Aspect of Civil Engineering Design
Statement of responsibility, etc. Faber, Oscar
260 ## - PUBLICATION, DISTRIBUTION, ETC.
Place of publication, distribution, etc. Westminster S.W.1
Name of publisher, distributor, etc. The Institute of Civil Engineers
Date of publication, distribution, etc. c1945.
300 ## - PHYSICAL DESCRIPTION
Extent p 120.
Other physical details ill
Dimensions 25cm.
526 ## - STUDY PROGRAM INFORMATION NOTE
Program name 0
Interest level 0
Reading level 0
Title point value 624_170000000000000_AES
650 ## - SUBJECT ADDED ENTRY--TOPICAL TERM
Topical term or geographic name entry element MCE.
9 (RLIN) 379
942 ## - ADDED ENTRY ELEMENTS (KOHA)
Source of classification or shelving scheme
Koha item type Book
Holdings
Withdrawn status Lost status Source of classification or shelving scheme Damaged status Not for loan Permanent Location Current Location Date acquired Total Checkouts Total Renewals Full call number Barcode Date last seen Date last checked out Price effective from Koha item type
          Military College of Engineering (MCE) Military College of Engineering (MCE) 06/18/2014 1 1 624.17 AES MCE-29392 01/22/2018 11/21/2017 06/18/2014 Book
© 2023 Central Library, National University of Sciences and Technology. All Rights Reserved.